Wastewater Engineering
Saved in:
| Main Author | |
|---|---|
| Format | Electronic eBook |
| Language | English |
| Published |
Chicago :
Water Environment Federation,
2024.
|
| Subjects | |
| Online Access | Full text |
| ISBN | 9781572784505 1572784504 9781523158096 1523158093 9781572784406 |
| Physical Description | 1 online resource (690 p.) |
Cover
| LEADER | 00000cam a2200000Mu 4500 | ||
|---|---|---|---|
| 001 | kn-on1431979462 | ||
| 003 | OCoLC | ||
| 005 | 20240717213016.0 | ||
| 006 | m o d | ||
| 007 | cr cn||||||||| | ||
| 008 | 240504s2024 ilu o ||| 0 eng d | ||
| 040 | |a EBLCP |b eng |c EBLCP |d OCLKB |d OCLCQ |d OCLCO | ||
| 020 | |a 9781572784505 | ||
| 020 | |a 1572784504 | ||
| 020 | |a 9781523158096 | ||
| 020 | |a 1523158093 | ||
| 020 | |z 9781572784406 | ||
| 035 | |a (OCoLC)1431979462 |z (OCoLC)1431913587 | ||
| 100 | 1 | |a Federation, Water Environment. | |
| 245 | 1 | 0 | |a Wastewater Engineering |h [electronic resource]. |
| 260 | |a Chicago : |b Water Environment Federation, |c 2024. | ||
| 300 | |a 1 online resource (690 p.) | ||
| 336 | |a text |b txt |2 rdacontent | ||
| 337 | |a computer |b c |2 rdamedia | ||
| 338 | |a online resource |b cr |2 rdacarrier | ||
| 500 | |a Description based upon print version of record. | ||
| 506 | |a Plný text je dostupný pouze z IP adres počítačů Univerzity Tomáše Bati ve Zlíně nebo vzdáleným přístupem pro zaměstnance a studenty | ||
| 590 | |a Knovel |b Knovel (All titles) | ||
| 655 | 7 | |a elektronické knihy |7 fd186907 |2 czenas | |
| 655 | 9 | |a electronic books |2 eczenas | |
| 776 | 0 | 8 | |i Print version: |a Federation, Water Environment |t Wastewater Engineering: Design of Water Resource Recovery Facilities |d Chicago : Water Environment Federation,c2024 |
| 856 | 4 | 0 | |u https://proxy.k.utb.cz/login?url=https://app.knovel.com/hotlink/toc/id:kpWEDWRRF1/wastewater-engineering-design?kpromoter=marc |y Full text |